00337nam a2200121Ia 4500008004100000041000800041082001500049100001600064245005300080260004700133300001000180650002500190210716s2004 xx 000 0 und d aeng a331.8 SARA aSarma, A M. aIndustrial jurisprudence and labour legislation. aNew DelhibHimalaya Publishing Housec2004 a1,411 aIndustrial Relations